[Event "Titled Tuesday intern op 22nd Aug Late"]
[Site "Chess.com INT"]
[Date "2023.08.22"]
[Round "8"]
[White "Sauvageot Ledezma, Diego"]
[Black "Kim, Sergey2222"]
[Result "1/2-1/2"]
[WhiteElo "2148"]
[BlackElo "2295"]
[PlyCount "76"]
[EventDate "2023.08.22"]
[EventType "swiss (blitz)"]
[EventRounds "11"]
[EventCountry "USA"]
[SourceTitle "EXT 2024"]
[Source "ChessBase"]
[SourceDate "2023.10.10"]
[SourceVersion "1"]
[SourceVersionDate "2023.10.10"]
[SourceQuality "1"]

1. e4 e5 2. Nf3 Nc6 3. Bb5 a6 4. Ba4 Nf6 5. 0-0 b5 6. Bb3 Bc5 7. a4 Bb7 8. Nxe5 Nxe5 9. d4 Bxd4 10. Qxd4 d6 11. f3 c5 12. Qf2 c4 13. Ba2 0-0 14. Nc3 Qd7 15. Bg5 Ne8 16. Rad1 Nc7 17. Qg3 Qe6 18. Rd2 f6 19. Bh6 Ng6 20. Rxd6 Qe7 21. Be3 Kh8 22. Rfd1 Rad8 23. axb5 axb5 24. Bb6 Ne5 25. Rxd8 Rxd8 26. Rxd8+ Qxd8 27. Qf2 b4 28. Ne2 Qd1+ 29. Qf1 Qd6 30. Bd4 Ne6 31. Be3 h6 32. h3 Qa6 33. Bb1 Qa1 34. Qc1 Qa6 35. Kh2 Qd6 36. Kg1 Qa6 37. Kh2 Qd6 38. Kg1 Qa6 1/2-1/2

[Event "Titled Tuesday intern op 22nd Aug Early"]
[Site "Chess.com INT"]
[Date "2023.08.22"]
[Round "2"]
[White "Sauvageot Ledezma, Diego"]
[Black "Morales Garcia, Sergio Joshafatt"]
[Result "1-0"]
[WhiteElo "2148"]
[BlackElo "2221"]
[PlyCount "121"]
[EventDate "2023.08.22"]
[EventType "swiss (blitz)"]
[EventRounds "11"]
[EventCountry "USA"]
[SourceTitle "EXT 2024"]
[Source "ChessBase"]
[SourceDate "2023.10.10"]
[SourceVersion "1"]
[SourceVersionDate "2023.10.10"]
[SourceQuality "1"]

1. e4 c5 2. g3 Nc6 3. Bg2 g6 4. Ne2 Bg7 5. 0-0 e6 6. c3 d5 7. exd5 exd5 8. d4 c4 9. b3 cxb3 10. axb3 Nge7 11. Ba3 0-0 12. Nf4 Re8 13. Re1 Bf5 14. Nxd5 Nxd5 15. Rxe8+ Qxe8 16. Bxd5 Rd8 17. Bg2 Nxd4 18. cxd4 Bxd4 19. Qc1 Bxa1 20. Nd2 Qe2 21. Bb4 Bd4 22. Qf1 Re8 23. Bxb7 Bh3 24. Bg2 Bxg2 25. Kxg2 Bb6 26. Nf3 Qxf1+ 27. Kxf1 Rc8 28. Bd2 Rc2 29. Ke2 Rb2 30. b4 h5 31. h4 Kf8 32. Ke1 Ke7 33. Ke2 f6 34. Ne1 Rb3 35. Nd3 Ke6 36. Nf4+ Kf7 37. Nd3 Bc7 38. Nc5 Rb2 39. Nd3 Rb3 40. Nc5 Rb1 41. Nd3 Bb6 42. Kf3 Ke6 43. Ke2 Kf7 44. Nf4 Rb3 45. Nd3 Rb2 46. Nxb2 Ke6 47. Nd3 Bd4 48. Be3 Bc3 49. Bxa7 Kd5 50. Bc5 Kc4 51. Be7 f5 52. Nf4 Bxb4 53. Bxb4 Kxb4 54. Nxg6 Kc5 55. Ne7 Kd6 56. Nxf5+ Ke6 57. Ne3 Kf6 58. Kf3 Kg6 59. g4 Kh6 60. g5+ Kg6 61. Kg3 1-0

[Event "Asuncion zt 2.5"]
[Site "Asuncion"]
[Date "2023.03.07"]
[Round "4"]
[White "Sauvageot Ledezma, Diego"]
[Black "Flores, Diego"]
[Result "1/2-1/2"]
[WhiteElo "2142"]
[BlackElo "2532"]
[PlyCount "80"]
[EventDate "2023.03.05"]
[EventType "swiss"]
[EventRounds "9"]
[EventCountry "PAR"]
[SourceTitle "CBM 213 Extra"]
[Source "ChessBase"]
[SourceDate "2023.05.31"]
[SourceVersion "1"]
[SourceVersionDate "2023.05.31"]
[SourceQuality "1"]

1. e4 e5 2. Nf3 Nc6 3. Bb5 a6 4. Ba4 Nf6 5. 0-0 Be7 6. Re1 b5 7. Bb3 0-0 8. a4 Na5 9. Nxe5 Nxb3 10. cxb3 Bb7 11. Qc2 Re8 12. d4 d5 13. axb5 dxe4 14. Be3 axb5 15. Rxa8 Bxa8 16. Nc6 Qd7 17. Nxe7+ Rxe7 18. Qc5 h6 19. Nc3 Bd5 20. Nxb5 c6 21. Nd6 Bxb3 22. Rc1 Re6 23. Nf5 Bd5 24. Ra1 Re8 25. Ng3 Qb7 26. b4 Ra8 27. Rxa8+ Qxa8 28. Qa5 Qb8 29. h3 Be6 30. Qc5 Kh7 31. Bd2 Qb5 32. Qd6 Qd3 33. Bf4 Nd5 34. Qe5 Nxf4 35. Qxf4 Qb1+ 36. Kh2 Qxb4 37. Qxe4+ Kg8 38. Qxc6 Qxd4 39. Qa8+ Kh7 40. Qe4+ Qxe4 1/2-1/2

[Event "CHI-ch sf"]
[Site "Quilpue"]
[Date "2020.01.31"]
[Round "4"]
[White "Mesias Rojas, Rabindranath"]
[Black "Sauvageot Ledezma, Diego"]
[Result "1/2-1/2"]
[WhiteElo "2201"]
[BlackElo "2070"]
[PlyCount "41"]
[EventDate "2020.01.30"]
[EventType "swiss"]
[EventRounds "8"]
[EventCountry "CHI"]
[SourceTitle "CBM 194 Extra"]
[Source "ChessBase"]
[SourceDate "2020.03.31"]
[SourceVersion "1"]
[SourceVersionDate "2020.03.31"]
[SourceQuality "1"]

1. e4 Nf6 2. Nc3 d5 3. exd5 Nxd5 4. d4 c6 5. Nf3 Bg4 6. Be2 e6 7. 0-0 Be7 8. h3 Bxf3 9. Bxf3 0-0 10. Re1 Nd7 11. Ne4 N5f6 12. c3 Re8 13. Bf4 Nxe4 14. Bxe4 Nf6 15. Bc2 h6 16. Qd3 Bd6 17. Be5 Bxe5 18. Rxe5 Qd6 19. Rae1 Rad8 20. f4 g6 21. Qg3 1/2-1/2

[Event "American Continental 14th"]
[Site "Montevideo"]
[Date "2018.06.09"]
[Round "10"]
[White "Sauvageot Ledezma, Diego"]
[Black "Pena Canapa, Alfredo"]
[Result "1-0"]
[WhiteElo "2084"]
[BlackElo "1925"]
[PlyCount "103"]
[EventDate "2018.06.01"]
[EventType "swiss"]
[EventRounds "11"]
[EventCountry "URU"]
[SourceTitle "CBM 184 Extra"]
[Source "ChessBase"]
[SourceDate "2018.06.28"]
[SourceVersion "1"]
[SourceVersionDate "2018.06.28"]
[SourceQuality "1"]

1. d4 Nf6 2. Nc3 d5 3. Bf4 c5 4. e3 e6 5. Nb5 Na6 6. a3 Be7 7. Nf3 0-0 8. dxc5 Bxc5 9. Be2 Qb6 10. 0-0 Bd7 11. Nfd4 Rac8 12. c3 Ne4 13. a4 Ra8 14. Bd3 f5 15. a5 Qd8 16. f3 Nf6 17. b4 Be7 18. Qe1 b6 19. Be5 bxa5 20. Qg3 Qb6 21. Rxa5 Nh5 22. Qh3 Nf6 23. Rfa1 Bc8 24. Qg3 Nh5 25. Qf2 f4 26. g4 fxe3 27. Qxe3 Nf6 28. Qe1 Ne8 29. Kg2 Nec7 30. Qb1 h6 31. Qa2 Nxb5 32. Rxb5 Qd8 33. Ra5 Nc7 34. Rxa7 Rxa7 35. Qxa7 Bd6 36. Nc6 Qd7 37. b5 Bxe5 38. Nxe5 Qd6 39. Qe3 Bb7 40. Ra7 Rb8 41. Qd4 Ne8 42. Qf4 Nf6 43. h4 Qb6 44. Qd4 Qc7 45. g5 hxg5 46. hxg5 Ne8 47. Bg6 Nd6 48. b6 Qd8 49. Qh4 Nf5 50. Qh7+ Kf8 51. Qh8+ Ke7 52. Nc6+ 1-0

[Event "CHI-ch sf"]
[Site "Quilpue"]
[Date "2016.12.16"]
[Round "5"]
[White "Bulgarini Torre, Marco"]
[Black "Sauvageot Ledezma, Diego"]
[Result "1/2-1/2"]
[WhiteElo "1889"]
[BlackElo "2016"]
[PlyCount "136"]
[EventDate "2016.12.14"]
[EventType "swiss"]
[EventRounds "8"]
[EventCountry "CHI"]
[SourceTitle "EXT 2018"]
[Source "ChessBase"]
[SourceDate "2017.10.13"]
[SourceVersion "1"]
[SourceVersionDate "2017.10.13"]
[SourceQuality "1"]

1. e4 g6 2. Nc3 c6 3. g3 d5 4. Bg2 d4 5. Nce2 e5 6. d3 Bg7 7. f4 exf4 8. Bxf4 Ne7 9. Qd2 h6 10. h4 Nd7 11. Nf3 Nc5 12. 0-0 Bg4 13. Ne5 Be6 14. Qb4 Nd7 15. Nc4 Bxc4 16. Qxc4 0-0 17. a4 Ne5 18. Bxe5 Bxe5 19. Bh3 Kg7 20. Rf3 Nc8 21. Raf1 Nd6 22. Qc5 Qe7 23. c3 Nc8 24. Qxe7 Nxe7 25. cxd4 Bc7 26. b4 Rad8 27. a5 b6 28. Ra1 Bd6 29. axb6 axb6 30. Rb1 Ra8 31. b5 Ra2 32. Nc1 Rc2 33. Rf2 Rc3 34. e5 Bc7 35. bxc6 Nxc6 36. Ne2 Rc2 37. Bg2 Rd8 38. Rbf1 Rd7 39. Bh3 Re7 40. Nf4 Rxf2 41. Rxf2 Re8 42. Nd5 Bb8 43. Bd7 Re6 44. Bxe6 fxe6 45. Nxb6 Nxd4 46. Nd7 Ba7 47. Ra2 Nb5+ 48. Kf1 Be3 49. Rb2 Nd4 50. Rb7 g5 51. Nf6+ Kg6 52. hxg5 Bxg5 53. g4 Nf3 54. Nh5 Nh2+ 55. Kg2 Nxg4 56. Ng3 Nxe5 57. d4 Nc6 58. Ne2 Ne7 59. Kf3 Nd5 60. Ke4 Bf6 61. Ra7 h5 62. Ra6 Kf7 63. Ra7+ Kg6 64. Ra6 Kf7 65. Nc1 h4 66. Nd3 Nc3+ 67. Ke3 Nd5+ 68. Ke4 Nc3+ 1/2-1/2

[Event "Antofagasta"]
[Site "Antofagasta"]
[Date "2016.05.22"]
[Round "6"]
[White "Sauvageot Ledezma, Diego"]
[Black "Rivera Cerezo, Julio Cesar"]
[Result "1-0"]
[WhiteElo "2002"]
[BlackElo "1856"]
[PlyCount "39"]
[EventDate "2016.05.19"]
[EventType "tourn"]
[EventRounds "7"]
[EventCountry "CHI"]
[SourceTitle "EXT 2024"]
[Source "ChessBase"]
[SourceDate "2023.10.10"]
[SourceVersion "1"]
[SourceVersionDate "2023.10.10"]
[SourceQuality "1"]

1. d4 Nf6 2. c4 e6 3. Nc3 d5 4. cxd5 exd5 5. Bg5 Be7 6. e3 0-0 7. Bd3 Nbd7 8. Nge2 h6 9. Bh4 c5 10. 0-0 Re8 11. Rc1 b6 12. Bb5 Bb7 13. Bxf6 Bxf6 14. dxc5 Rc8 15. Nxd5 Re5 16. c6 Ba8 17. cxd7 Rxc1 18. Nxf6+ gxf6 19. Qxc1 Rc5 20. Nc3 1-0

[Event "Antofagasta Zicosur op 2nd"]
[Site "Antofagasta"]
[Date "2016.01.07"]
[Round "5"]
[White "Torres Chavez, Pablo"]
[Black "Sauvageot Ledezma, Diego"]
[Result "1/2-1/2"]
[WhiteElo "1802"]
[BlackElo "2006"]
[PlyCount "114"]
[EventDate "2016.01.05"]
[EventType "swiss"]
[EventRounds "9"]
[EventCountry "CHI"]
[SourceTitle "CBM 170 Extra"]
[Source "ChessBase"]
[SourceDate "2016.02.25"]
[SourceVersion "1"]
[SourceVersionDate "2016.02.25"]
[SourceQuality "1"]

1. e4 c5 2. Nf3 e6 3. d4 cxd4 4. Nxd4 Nf6 5. Nc3 d6 6. Bg5 Be7 7. Qd2 a6 8. Be2 Qc7 9. f3 Nbd7 10. a4 b6 11. 0-0 Bb7 12. Kh1 Rc8 13. Rfd1 0-0 14. Qe3 Qc5 15. Qd2 Rfe8 16. Be3 Qc7 17. Qe1 Nf8 18. Qf1 Ra8 19. Qf2 d5 20. exd5 Nxd5 21. Nxd5 Bxd5 22. c3 Nd7 23. Rd2 Bd6 24. g3 Nf6 25. Kg1 Bb7 26. Rad1 Bf8 27. Nc2 Nd5 28. Rxd5 Bxd5 29. Bxb6 Qb7 30. a5 Bb3 31. Rd2 e5 32. Ne3 Be6 33. Bd3 Bd7 34. Nd5 Rac8 35. Qe2 Bc5+ 36. Kg2 e4 37. Bxe4 Qb8 38. Qd3 h6 39. Qxa6 f5 40. Bxc5 Rc6 41. Nb6 fxe4 42. Nxd7 exf3+ 43. Kf1 Rxa6 44. Nxb8 Rxb8 45. Bb6 Raa8 46. Kf2 Re8 47. Kxf3 Re1 48. Rd8+ Rxd8 49. Bxd8 Kf7 50. Bb6 Ke6 51. Bd4 g6 52. a6 Kd5 53. a7 Re8 54. Be3 Ra8 55. b3 Rf8+ 56. Kg4 Ra8 57. Bd4 Re8 1/2-1/2